000 00324nam a2200133Ia 4500
008 240624s9999 xx 000 0 und d
041 _aeng
082 _a823 RAM
100 _aRAMPA T LOBSANG
245 _aTHIRD EYE
260 _c1964
_aNew York
_bBallentine Books
300 _aviii, : 210 : p. : cm. ; 17
365 _c
_b20
999 _c13939
_d13939